Focus sur: Chevalier du Catogan- Harry Potter - Statistiques

Statistiques générales
  • Ce quiz a été pris 125 fois
  • Le résultat moyen est 6 sur 9
Statistiques - réponses
Informations recherchées Réponses % Correct
Lieu de rencontre avec Harry Potter Poudlard
98%
Ecole "fréquentée" Poudlard
98%
Statut du sang Sang-Pur
97%
Première apparition Harry Potter et le prisonnier d'Azkaban
94%
"Espèce" Tableau
79%
Profession Chevalier
76%
Bois de la baguette Prunellier
14%
Intérieur de la baguette Brin de moustache de troll
13%
Acteur l'interprétant dans les films Paul Whitehouse
13%
Aucun quiz correspondant
Distribution des résultats
% des personnes avec chaque résultat
Percentile par nombre de réponses
Votre historique - résultats
Vous n’avez pas pris ce quiz